000 00287nam a22001337a 4500
008 170224b xxu||||| |||| 00| 0 eng d
020 _a9780721681863
041 _aeng
080 _a617
100 _a6
101 _aSHK
245 _aESSEANTIALS OF SURGERY
_cFACS.R.A
942 _2udc
_cBK
999 _c6204
_d6204